000 00281nam a2200109Ia 4500
008 190902s9999||||xx |||||||||||||| ||und||
100 _aHuzaima & Ikram
245 0 _aLaw Library Pakistan Tax Laws Of Pakistan
260 _aLondon
_bPrentice Hall
_c2006
300 _a1084
942 _cBK
999 _c2868
_d2868